|
|
|
|
| LEADER |
01357nam a2200265 a 4500 |
| 001 |
3914477 |
| 008 |
090719s1988 enk b 000 0 eng d |
| 010 |
|
|
|a 91179580
|
| 020 |
|
|
|a 0140772464
|
| 040 |
|
|
|a DLC
|c DLC
|
| 082 |
0 |
0 |
|a 823/.8
|2 20
|
| 100 |
1 |
|
|a Ebbatson, Roger.
|
| 245 |
1 |
0 |
|a Tennyson /
|c Roger Ebbatson.
|
| 260 |
|
|
|a London, England ;
|a New York, N.Y., USA :
|b Penguin Books,
|c 1988
|
| 300 |
|
|
|a 130 p. ;
|c 20 cm.
|
| 490 |
1 |
|
|a Penguin critical studies
|
| 504 |
|
|
|a Includes bibliographical references (p. [130]).
|
| 541 |
1 |
|
|e 00011949
|
| 600 |
1 |
0 |
|a Eliot, George,
|d 1819-1880.
|t Mill on the Floss.
|
| 852 |
4 |
|
|a Ayesha Abed Library
|j General shelf.
|
| 999 |
|
|
|c 2530
|d 2530
|
| 952 |
|
|
|0 0
|1 0
|2 ddc
|4 0
|6 823_800000000000000_EBB
|7 0
|9 2409
|a BRACUL
|b BRACUL
|c GEN
|d 2009-07-22
|g 1095.00
|l 1
|o 823.8 EBB
|p 3010011949
|r 2014-11-26
|s 2014-11-19
|t 1
|w 2009-07-22
|y BK
|x $12.99
|
| 952 |
|
|
|0 0
|1 0
|2 ddc
|4 0
|6 823_800000000000000_EBB
|7 0
|9 13902
|a BRACUL
|b BRACUL
|c GEN
|d 2011-01-15
|l 2
|m 12
|o 823.8 EBB
|p 3010014015
|r 2024-04-02
|s 2024-03-25
|t 2
|w 2011-01-15
|y BK
|
| 952 |
|
|
|0 0
|1 0
|2 ddc
|4 0
|6 823_800000000000000_EBB
|7 0
|9 13903
|a BRACUL
|b BRACUL
|c GEN
|d 2011-01-15
|l 5
|m 40
|o 823.8 EBB
|p 3010009331
|r 2026-04-13
|s 2026-01-18
|t 3
|w 2011-01-15
|y BK
|
| 952 |
|
|
|0 0
|1 0
|2 ddc
|4 0
|6 823_800000000000000_EBB
|7 0
|9 13904
|a BRACUL
|b BRACUL
|c GEN
|d 2011-01-15
|l 1
|o 823.8 EBB
|p 3010009344
|r 2024-02-04
|s 2024-01-23
|t 4
|w 2011-01-15
|y BK
|